000 02287nam a2200301Ia 4500
005 20180601151400.0
008 130821s1924 fr fr 1 fre
040 _aCo-BoUCM
_bspa
_cSandra Yazo
_dSandra Yazo
041 0 _afre
082 0 4 _a346.44
_220
092 _aE46N067
100 1 _aBonnecase, Julien
_d1878-
_992689
242 0 0 _aLa Escuela de la Exégesis en Derecho Civil
_bRasgos característicos de sus doctrinas y métodos, según las enseñanzas de sus más insignes representantes. Con cuatro retratos en fototipo
_cJulian Bonnecase
245 1 0 _aL’École de l’Exégèse en Droit Civil
_bLes traits distinctifs de sa doctrine et de ses méthodes d’après la profession de foi de ses illustres représentants ... Ornée de quatre portraits en phototypie
_cJulie Bonnecase
250 _aDeuxième édition entiérement revue et augmentée [Segunda edición completamente revisada y ampliada]
260 _aParís (Francia)
_bE. de Boccard
_c1924
300 _a285 páginas
_c21 x 14 cm.
500 _aDetalles físicos: Encuadernación rígida (holandesa) en cartón duro forrado en papel jaspeado. Lomo de tela texturizada con adornos en dorado. Guardas. Hoja de cortesía. Anteportada. Portada impresa en una sola tinta, con un pequeño grabado. Cuatro hojas de papel especial con fotografías (blanco y negro) de juristas; escartivanas. Texto impreso en una sola columna, con diferentes tipos y tamaños de letra. Párrafos numerados. Márgenes amplios. Notas de pie de página. Índice.
505 0 _aIntroducción ; Los representantes más importantes de la Escuela de la Exégesis y sus obras capitales: los comentarios al Código napoleónico ; Tres períodos en la historia de la Escuela ; Doctrina de la Escuela de la Exégesis ; Métodos de la Escuela de la Exégesis ; La profesión de fe de la Escuela de la Exégesis de cara a los planteamientos de la Escuela científica ; Examen crítico de esta “profesión de fe”
506 _aConsulta en sala
546 _aTexto en francés
650 7 _aFilosofía del derecho
_915792
650 7 _aDerecho
_912854
_xHistoria
650 7 _aDerecho
_xEnseñanza
_980454
650 7 _aTeoría del derecho
_925308
690 _aDerecho civil
_912711
942 _cLIBRO
_e1
_n0
_2LOCAL
_hE46N067
999 _c310004
_d310004